| 000 | 00589nam a2200145Ia 4500 | ||
|---|---|---|---|
| 008 | 090123s9999 xx 000 0 und d | ||
| 082 | _b43138 | ||
| 245 | _aआमचा बाप आन आम्ही स्वरूप आणि समिक्षा | ||
| 250 | _a1 | ||
| 260 | _c2008 | ||
| 630 | _aआमचा बाप आन आम्ही स्वरूप आणि समिक्षा | ||
| 700 | _aत्रिभुवन शैलेश | ||
| 730 | _aआमचा बाप आन आम्ही स्वरूप आणि समिक्षा | ||
| 942 | _cBOOK | ||
| 999 |
_c81216 _d81216 |
||